00402 a2200121 4500100001500000245004600015300003200061650002000093773005500113942000700168952008800175999001700263 aBBC924175 aRussia blames Ukraine for shelling border aFriday June 2, 2023 Page 09 aConflict9241790 x0855-1529tDaily GraphicdAccra Daily Graphic 2023 cPR 001040718PRaPLbPLcTFEWd2023-07-10l0r2023-07-10 00:00:00t1w2023-07-10yPR c45175d45175